[Event "EU-chT Railways USIC"]
[Site "Dresden"]
[Date "2000.06.24"]
[Round "7.4"]
[White "Vnukov, Anatolij"]
[Black "Bancel, Gerard"]
[Result "1-0"]
[WhiteElo "2379"]
[BlackElo "2213"]
[PlyCount "145"]
[EventDate "2000.06.19"]
[EventType "team-swiss"]
[EventRounds "7"]
[EventCountry "GER"]
[SourceTitle "EXT 2002"]
[Source "ChessBase"]
[SourceDate "2001.11.25"]
[SourceVersion "1"]
[SourceVersionDate "2001.11.25"]
[SourceQuality "1"]
[WhiteTeam "Russia (USIC)"]
[BlackTeam "France (USIC)"]
[WhiteTeamCountry "RUS"]
[BlackTeamCountry "FRA"]

1. e4 Nc6 2. Nf3 d6 3. d4 Nf6 4. Nc3 Bg4 5. d5 Nb8 6. h3 Bc8 7. e5 dxe5 8. Nxe5 g6 9. Bc4 Nbd7 10. Bf4 Bg7 11. Qf3 0-0 12. g4 Ne8 13. Qe3 Nd6 14. Bb3 a5 15. a3 Nf6 16. 0-0-0 Bd7 17. f3 b5 18. h4 b4 19. Nb1 h5 20. Bh6 bxa3 21. Nxa3 a4 22. Ba2 Rb8 23. Bxg7 Kxg7 24. Rdg1 Rb6 25. Rh2 Be8 26. Rhg2 Rh8 27. Qc3 Kh7 28. g5 Nd7 29. Nc6 Qa8 30. Nxe7 Qb7 31. Nc6 Nb8 32. Nd4 Na6 33. Kb1 Nb4 34. Rd2 Nxa2 35. Kxa2 Qxd5+ 36. Ka1 Qb7 37. Re1 Bc6 38. Re7 Bd5 39. Rxc7 Qa6 40. Ne2 Be6 41. Qd4 Rhb8 42. Nf4 Nf5 43. Qd3 Rxb2 44. Nxe6 Qxe6 45. Qd5 Qxd5 46. Rxd5 R2b7 47. Rdd7 Rxc7 48. Rxc7 Nxh4 49. Rxf7+ Kg8 50. Rf4 Ng2 51. Rf6 Kg7 52. Rc6 Rb4 53. f4 Kf8 54. Nc4 Rb5 55. Ra6 Nxf4 56. Nd6 Rd5 57. Ra7 Kg8 58. Ne4 Rd4 59. Nf6+ Kf8 60. Kb2 Ne6 61. Nh7+ Ke8 62. Nf6+ Kd8 63. Kc3 Rd1 64. Ra8+ Ke7 65. Rg8 Nf4 66. Kb4 Ne6 67. c4 Nxg5 68. Rxg6 Nf3 69. Nd5+ Kd7 70. Nb6+ Ke7 71. Nd5+ Kd7 72. Rg7+ Kd6 73. Nc3 1-0